| 000 | 00406nam a22001457a 4500 | ||
|---|---|---|---|
| 082 |
_a624.151 _bROB _cL-16, p-9 |
||
| 100 |
_aW.P Robinson _942550 |
||
| 245 |
_aPractical Soil Stabilization _cW.P Robinson |
||
| 250 | _a1st | ||
| 260 |
_aNorwich _bJarrold and sons Ltd _c1948 |
||
| 300 |
_aviii, 101. p : _bill. _c17cm |
||
| 526 |
_a0 _b0 _c0 _d624_151000000000000_ROB |
||
| 650 |
_aMCE _9379 |
||
| 942 |
_2ddc _cBK |
||
| 999 |
_c546432 _d546432 |
||